Marinához
| Main Author: | |
|---|---|
| Other Authors: | |
| Format: | Article |
| Language: | Slovak Hungarian Icelandic |
| ISSN: | 1335-1826 |
| Subjects: |
MARC
| LEADER | 00000nab a2200000 a 4500 | ||
|---|---|---|---|
| 001 | vtls000806034 | ||
| 003 | SK-MaSNL | ||
| 005 | 20260304105450.0 | ||
| 008 | 250429c2002 xo 0 slo | ||
| 015 | |a SNBRB2002/09-27760 | ||
| 035 | |a CLN000157689 | ||
| 035 | |a urn:nbn:sk:snk-abofj | ||
| 035 | |a (urnnbn)urn:nbn:sk:snk:ar-00397s | ||
| 035 | |a (uuid)d8c2b539-c915-4631-8bb5-303f1f8de2c4 | ||
| 040 | |a SNKBUCL |b slo |c SNKBUCL |e AACR2 | ||
| 041 | 1 | |a hun |h ice | |
| 044 | |a xo |c SK | ||
| 080 | |a 839.59-1=945.11 |2 1997 | ||
| 100 | 1 | |a Haraldsdóttir, Ingibjörg, |d 1942- |4 aut- |9 1295391 | |
| 245 | 1 | 0 | |a Marinához |c Ingibjörg Haraldsdóttir ; fordította Mervel Ferenc |
| 600 | 1 | 7 | |a Cvetajeva, Marina Ivanovna, |d 1892-1941 |2 snkbucl |9 167329 |
| 655 | 7 | |a islandská poézia |2 snkbucl |9 54875 | |
| 655 | 7 | |a dedikačná poézia |2 snkbucl |9 240053 | |
| 700 | 1 | |a Mervel, Ferenc, |d 1936-2004 |4 trl |9 17438 | |
| 773 | 0 | |t Kalligram |g Č. 7-8 (2002), s. 119-123 |x 1335-1826 | |
| 850 | |a Slovenská národná knižnica | ||
| 852 | |a Slovenská národná knižnica | ||
| 958 | |a article27 | ||
| 958 | |a OND | ||
| 958 | |a HU | ||
| 958 | |a IS | ||
| 958 | |a LX | ||
| 992 | |a RBX | ||
| 999 | |c 2855813 |d 2857743 | ||


